000 00294nam a2200133 i 4500
001 bg
100 1 _aROGOWSKI, W.
245 0 _aSpór o przetrwanie /
_cW. Rogowski.
260 _aWarszawa,
_c1983.
040 _cBPK
041 _apol
942 _cKS
008 s pl f |000 0 pol
999 _c1937
_d1937
856 _uhttp://koha.tu.koszalin.pl/cgi-bin/koha/opac-detail.pl?biblionumber=1937
_yKatalog online BPK